Lo stalinismo / (Record no. 101584)

MARC details
000 -LEADER
campo de control de longitud fija 00603nam a2200193 i 4500
001 - NÚMERO DE CONTROL
campo de control 101584
003 - IDENTIFICADOR DE NÚMERO DE CONTROL
campo de control ES-MaACL
007 - CAMPO FIJO DE DESCRIPCIÓN FÍSICA--INFORMACIÓN GENERAL
campo de control de longitud fija t|
008 - DATOS DE LONGITUD FIJA--INFORMACIÓN GENERAL
campo de control de longitud fija 051020s1972 it ||||1| spa d
100 1# - ENTRADA PRINCIPAL--NOMBRE DE PERSONA
Nombre de persona Medvedev, Roy A.
9 (RLIN) 79779
245 13 - MENCIÓN DEL TÍTULO
Título Lo stalinismo /
Mención de responsabilidad, etc. Roy A. Medvedev; a cura di David Joravsky e Georges Haupt; traduziones di Rafaello Uboldi.
250 ## - MENCION DE EDICION
Mención de edición 1ª ed.
260 ## - PUBLICACIÓN, DISTRIBUCIÓN, ETC.
Lugar de publicación, distribución, etc. Milano :
Nombre del editor, distribuidor, etc. Mondadori,
Fecha de publicación, distribución, etc. 1972.
300 ## - DESCRIPCIÓN FÍSICA
Extensión XLI, 738 p. ;
Dimensiones 22 cm.
700 1# - ENTRADA AGREGADA--NOMBRE PERSONAL
Nombre de persona Joravsky, David.
9 (RLIN) 66892
700 1# - ENTRADA AGREGADA--NOMBRE PERSONAL
Nombre de persona Haupt, Georges.
9 (RLIN) 62095
700 1# - ENTRADA AGREGADA--NOMBRE PERSONAL
Nombre de persona Uboldi, Rafaello.
9 (RLIN) 111847
852 ## - LOCALIZACIÓN
Ubicación ES-MaACL
Número de control de estantería E-5876
Sublocalización o colección R.90187
Holdings
Estatus retirado Estado de pérdida Estado de daño No para préstamo Biblioteca de origen Biblioteca actual Ubicación en estantería Fecha de adquisición Fuente de adquisición Total de préstamos Signatura topográfica completa Código de barras Visto por última vez Precio de reemplazo Tipo de ítem Koha
        Biblioteca del Ateneo de Madrid Biblioteca del Ateneo de Madrid Depósito 2 17/01/2008     E-5876 1106055 23/02/2023 23/02/2023 Libro impreso